Statistiken für Alle Filme von Stanley Kubrick

Klicken Sie hier um das Quiz zu spielen!

Allgemein

  • Dieses Quiz wurde 70 mal gespielt
  • Das Durchschnittsergebnis liegt bei 6 aus 13

Antwortstatistiken

ErscheinungsjahrFilmIMDb-Bewertung% Korrekt
19682001: Odyssee im Weltraum8,3
85%
1971Uhrwerk Orange8,3
82%
1980Shining8,4
77%
1987Full Metal Jacket8,3
74%
1999Eyes Wide Shut7,5
65%
1964Dr. Seltsam, oder wie ich lernte, die Bombe zu lieben8,4
50%
1975Barry Lyndon8,1
47%
1962Lolita7,6
37%
1960Spartacus7,9
34%
1957Wege zum Ruhm8,4
34%
1956Die Rechnung ging nicht auf8,0
13%
1953Furcht und Begierde5,4
10%
1955Der Tiger von New York6,6
8%

Verteilung der Resultate

Perzentil nach korrekt beantworteten Fragen

Anzahl Personen mit jedem Resultat

Ihre Resultats-Entwicklung

Sie haben dieses Quiz noch nicht gespielt